000
00323nam a22001457a 4500
008
211012b ||||| |||| 00| 0 eng d
020
_a
9781118789186
041
_a
eng
080
_a
004
082
_a
004
100
_a
28
101
_a
SHKI
245
_a
Microsoft Official Academic Course
_c
Regan,P
942
_2
udc
_c
BK
999
_c
58192
_d
58192